书目信息 |
| 题名: |
测量学实验与习题
|
|
| 作者: | 杨正尧 编著 | |
| 分册: | ||
| 出版信息: | 武汉 武汉测绘科技大学出版社 1981.03 |
|
| 页数: | 70页 | |
| 开本: | 16cm | |
| 丛书名: | ||
| 单 册: | ||
| 中图分类: | P2-44 | |
| 科图分类: | ||
| 主题词: | 测绘学 , 测量学 | |
| 电子资源: | ||
| ISBN: | 7-81030-718-5 | |
| 000 | 00591nam0 2200205 45 | |
| 001 | 0009061645 | |
| 005 | 20120326153602.06 | |
| 010 | @a7-81030-718-5@d5.70元 | |
| 100 | @a20000906d1981 km y0chiy0120 ea | |
| 101 | 0 | @achi |
| 105 | @a z 000yy | |
| 200 | 1 | @a测量学实验与习题@ACe Liang Xue Shi Yan Yu Xi Ti@f杨正尧等编著@FYang Zheng Yao Deng Bian Zhu |
| 210 | @a武汉@c武汉测绘科技大学出版社@d1981.03 | |
| 215 | @a70页@d16cm | |
| 606 | 0 | @a测绘学 |
| 606 | 0 | @a测量学 |
| 690 | @aP2-44@v3 | |
| 701 | 0 | @a杨正尧@4编著 |
| 801 | @aCN@bPftUser@c20000906 | |
| 905 | @b122890-909@dP2-44@eY931@f20 | |
| 测量学实验与习题/杨正尧等编著.-武汉:武汉测绘科技大学出版社,1981.03 |
| 70页;16cm |
| ISBN 7-81030-718-5:5.70元 |
| ● |
| 相关链接 |
|
|
|
正题名:测量学实验与习题
索取号:P2-44/Y931
 
预约/预借
| 序号 | 登录号 | 条形码 | 馆藏地/架位号 | 状态 | 备注 |
| 1 | 122890 | 201228901 | 自科库401/401自科库 65排6列4层/ [索取号:P2-44/Y931] | 在馆 | |
| 2 | 122891 | 201228910 | 自科库401/401自科库 65排6列4层/ [索取号:P2-44/Y931] | 在馆 | |
| 3 | 122892 | 201228929 | 自科库401/401自科库 65排6列4层/ [索取号:P2-44/Y931] | 在馆 | |
| 4 | 122893 | 201228938 | 自科库401/401自科库 65排6列4层/ [索取号:P2-44/Y931] | 在馆 | |
| 5 | 122894 | 201228947 | 自科库401/401自科库 65排6列4层/ [索取号:P2-44/Y931] | 在馆 | |
| 6 | 122895 | 201228956 | 自科库401/401自科库 65排6列4层/ [索取号:P2-44/Y931] | 在馆 | |
| 7 | 122896 | 201228965 | 自科库401/401自科库 65排6列4层/ [索取号:P2-44/Y931] | 在馆 | |
| 8 | 122897 | 201228974 | 自科库401/401自科库 65排6列4层/ [索取号:P2-44/Y931] | 在馆 | |
| 9 | 122898 | 201228983 | 自科库401/401自科库 65排6列4层/ [索取号:P2-44/Y931] | 在馆 | |
| 10 | 122899 | 201228992 | 自科库401/401自科库 65排6列4层/ [索取号:P2-44/Y931] | 在馆 | |
| 11 | 122900 | 201229009 | 自科库401/401自科库 65排6列4层/ [索取号:P2-44/Y931] | 在馆 | |
| 12 | 122901 | 201229018 | 自科库401/401自科库 65排6列4层/ [索取号:P2-44/Y931] | 在馆 | |
| 13 | 122902 | 201229027 | 自科库401/401自科库 65排6列4层/ [索取号:P2-44/Y931] | 在馆 | |
| 14 | 122903 | 201229036 | 自科库401/401自科库 65排6列4层/ [索取号:P2-44/Y931] | 在馆 | |
| 15 | 122904 | 201229045 | 自科库401/401自科库 65排6列4层/ [索取号:P2-44/Y931] | 在馆 | |
| 16 | 122905 | 201229054 | 自科库401/401自科库 65排6列4层/ [索取号:P2-44/Y931] | 在馆 | |
| 17 | 122906 | 201229063 | 自科库401/401自科库 65排6列4层/ [索取号:P2-44/Y931] | 在馆 | |
| 18 | 122907 | 201229072 | 自科库401/401自科库 65排6列4层/ [索取号:P2-44/Y931] | 在馆 | |
| 19 | 122908 | 201229081 | 自科库401/401自科库 65排6列4层/ [索取号:P2-44/Y931] | 在馆 | |
| 20 | 122909 | 201229090 | 自科库401/401自科库 65排6列4层/ [索取号:P2-44/Y931] | 在馆 |